Statistics for The Carribean Countries Quiz

Click here to take the quiz!

General Stats

  • This quiz has been taken 970 times
  • The average score is 9 of 13

Answers on the Map

Answers color-coded by a green-red scale on the quiz's map according to % correct below.
 

Answer Stats

Answer% Correct
Trinidad and tobago
87%
Cuba
86%
Haiti
83%
The Bahamas
83%
Jamaica
81%
Dominican republic
80%
Antigua and Barbuda
58%
Barbados
58%
Saint Lucia
57%
Saint Vincent and the Grenadines
56%
Dominica
50%
Saint kitts and Nevis
50%
Grenada
49%

Score Distribution

Percentile by Number Answered

Percent of People with Each Score

Your Score History

You have not taken this quiz